000 00852cab a2200241 4500
001 WB2803-16
008 090401t1992 xxu||||| |||| 00| 0 eng d
035 _a(Sirsi) u7345
041 _aeng
245 _aSafety on the agenda
260 _c1992
350 _a0
490 _aTimes
_v14 January 1992, 29
490 _aFinancial Times
_v15 January 1992, 16(2)
520 _aReviews the private members bill, the Corporate Safety and Environmental Information Bill, which would oblige companies to disclose details of their environmental and safety performance in their annual reports.
650 _aANNUAL REPORTS
650 _aCORPORATE SAFETY AND ENVIRONMENTAL INFORMATION BILL
650 _aHEALTH AND SAFETY
_96244
650 _aPRIVATE MEMBERS BILL
690 _aENVIRONMENTAL AND LAND CONSULTANCY
942 _n0
948 _c04/03/1997
999 _c4427
_d4427